The European Union's foreign policy and diplomatic relations after the Lisbon Treaty

Bibliográfiai részletek
Szerző: Erdélyi Veronika Judit
További közreműködők: Csejtei Dr. István
Dokumentumtípus: Diplomadolgozat
Kulcsszavak:Európai Unió
EU-kül- és biztonságpolitika
Diplomácia
Válságkezelés
Online Access:http://dolgozattar.uni-bge.hu/4732

MARC

LEADER 00000nta a2200000 i 4500
001 dolg4732
005 20160608095212.0
008 151214suuuu hu om 000 eng d
040 |a BGE Dolgozattár Repozitórium  |b hun 
041 |a en 
100 1 |a Erdélyi Veronika Judit 
245 1 4 |a The European Union's foreign policy and diplomatic relations after the Lisbon Treaty  |c Erdélyi Veronika Judit  |h [elektronikus dokumentum] 
695 |a Európai Unió  
695 |a EU-kül- és biztonságpolitika 
695 |a Diplomácia 
695 |a Válságkezelés 
700 1 |a Csejtei Dr. István  |e ths 
856 4 0 |u http://dolgozattar.uni-bge.hu/4732/1/Veronika%20Erd%C3%A9lyi_Thesis.pdf  |z Dokumentum-elérés